000 00854nam a2200205 i 4500
001 16142
003 ES-MaACL
005 20230906151243.0
007 t|
008 000704s1999 sp ||||1| spa d
020 _a84-88973-98-5
080 _a347(460)
100 1 _aLarrondo Lizarraga, Joaquín María.
_970359
245 1 0 _aJurisprudencia patrimonial comentada, 1995-1998
_b: Tribunal Constitucional, Tribunal Supremo, Tribunales Superiores de Justicia y Audiencias Provinciales /
_cJoaquín María Larrondo Lizarraga.
260 _a[Madrid] :
_bCentro de Estudios Registrales,
_c[1999]
300 _a995 p. ;
_c24 cm.
650 _aDerecho civil-
_zEspaña-
_xJurisprudencia.
_911662
710 2 _aColegio de Registradores de la Propiedad y Mercantiles de España.
_bCentro de Estudios Registrales.
_9162314
852 _aES-MaACL
_jL-6871
_bR.128971
999 _c16142
_d16142